000 00749nam a2200241 u 4500
005 20240806063817.0
008 080408s2006 es r 000 0 spa d
020 _a8426352717
035 _aUPN01000155325
049 _aI
050 4 _aPZ78
_bP7.2 2006
100 1 _aPreller, James,
_d1961-
_930388
245 1 3 _aEl bromista invisible /
_cJames Preller ; il. Peter Nieländer ; tr. Frank Schleper.
250 _a4a ed.
260 _aZaragoza, Esp. :
_bEdelvives,
_c2006.
300 _a79 p. :
_bil. col.
440 0 _aNino Puzle ;
_v3
534 _pTraducción de:
_tThe case of the class clown
650 4 _aLiteratura juvenil
_95153
650 4 _aLibros y lectura para niños
_92290
700 1 _aNieländer, Peter,
_eil.
905 _aLibro
999 _c127440
_d127440